| 000 | 00836nam a2200193 a 4500 | ||
|---|---|---|---|
| 001 | 000046644 | ||
| 005 | 20201002053023.0 | ||
| 008 | 180315s2016 dr 000 0 spa d | ||
| 020 | _a9789945906868 | ||
| 040 |
_aDO-SdBNP _bspa _cBNPHU |
||
| 082 |
_axxxx _bxxxx |
||
| 110 | 1 |
_aRepública Dominicana _9447 |
|
| 240 | 1 | 0 | _a[Leyes, etc.] |
| 245 | 1 | 0 |
_aLey 176-07 del Distrito Nacional y los Municipios y Legislación Complementaria; (modificada por las leyes 341-09 y 10-15. Revisada con las leyes 311-14, 543-1241-08, 498-06, 496-06, 423-06, 340-06, 6-06, 20126-01, 87-01, 64-00 y los derechos 251-15, 543-12, 528-09, 527-09, 525-09, 523-09) / _cedición Héctor B. Guzmán. |
| 260 |
_aSanto Domingo : _bDalis, _c2016. |
||
| 500 | _aEn su 35 Aniversario | ||
| 590 | _aInventariado, 2018/BT | ||
| 700 | 1 |
_aGuzmán, Héctor B., _eed. _917989 |
|
| 999 |
_c46133 _d46133 |
||